000 nam a22 7a 4500
999 _c19482
_d19482
008 170116b xxu||||| |||| 00| 0 eng d
050 _aJK274
_b.H53 1984
100 _aHicks,Laurel
245 _aAmerican government and economics in Christian perspective /
_cLaurel Hicks, George T.Thompson,Michael R.Lowman and George C.Cochran
260 _aPensacola, Fla. (Box 18000, Pensacola 32523) :
_b Beka Book Publications,
_c©1984.
300 _axi,497p. :
_bill. ;
500 _aincludes appendix and index.
650 _a United States
_xPolitics and government.
650 _a United States
_xEconomic conditions
650 _a Christianity and politics.
700 _aThompson,George T.
700 _aLowman,Michael R.
700 _aCochran,George C.
942 _2lcc
_cBOOKS
_hJK274 .H53 1984